书目信息 |
| 题名: |
英使谒见乾隆纪实
|
|
| 作者: | 斯当东 著 ;钱丽 译 | |
| 分册: | ||
| 出版信息: | 北京 电子工业出版社 2016 |
|
| 页数: | 423页 | |
| 开本: | 21cm | |
| 丛书名: | 寻路中国系列 | |
| 单 册: | ||
| 中图分类: | D829.561 | |
| 科图分类: | ||
| 主题词: | 中英关系--zhong ying guan xi--国际关系史--清代--史料 | |
| 电子资源: | ||
| ISBN: | 978-7-121-27570-8 | |
| 000 | 01349nam0 22002771 450 | |
| 001 | 0102093602 | |
| 005 | 20170402093602.0 | |
| 010 | @a978-7-121-27570-8@dCNY55.00 | |
| 100 | @a20160524d2016 em y0chiy50 ea | |
| 101 | 1 | @achi@ceng |
| 102 | @aCN@b110000 | |
| 105 | @ay z 000yy | |
| 106 | @ar | |
| 200 | 1 | @a英使谒见乾隆纪实@Aying shi ye jian qian long ji shi@dAn authentic account of an embassy from the king of Great Britain to the emperor China@f(英)乔治·斯当东(George Staunton)著@g钱丽译@zeng |
| 210 | @a北京@c电子工业出版社@d2016 | |
| 215 | @a423页@d21cm | |
| 225 | 2 | @a寻路中国系列@Axin lu zhong guo xi lie |
| 330 | @a本书翔实记录了1792-1794年使团航海到中国谒见乾隆皇帝的经过,其价值不仅在于它是以西人眼光对清朝社会的全面审视与观察,更在于其完整航海行程与日志、沿途国家与地区的社会风貌,甚至动植物种类记录,对我们了解18世纪末期整个世界的经济人文状况,并在此背景之下重新思考中国的地位都大有裨益。 | |
| 461 | 0 | @12001 @a寻路中国系列 |
| 510 | 1 | @aAuthentic account of an embassy from the king of Great Britain to the emperor China@zeng |
| 606 | 0 | @a中英关系@Azhong ying guan xi@x国际关系史@z清代@j史料 |
| 690 | @aD829.561@v5 | |
| 701 | 0 | @c(英)@a斯当东@Asi dang dong@c(Staunton, George Thomas@f1781-1859)@4著 |
| 702 | 0 | @a钱丽@Aqian li@f(198?~)@4译 |
| 801 | 0 | @aCN@bTANGWEI@c20170308 |
| 905 | @b0963918-21@dD829.561@e157@f4 | |
| 英使谒见乾隆纪实=An authentic account of an embassy from the king of Great Britain to the emperor China/(英)乔治·斯当东(George Staunton)著/钱丽译.-北京:电子工业出版社,2016 |
| 423页;21cm.-(寻路中国系列) |
| ISBN 978-7-121-27570-8:CNY55.00 |
| 本书翔实记录了1792-1794年使团航海到中国谒见乾隆皇帝的经过,其价值不仅在于它是以西人眼光对清朝社会的全面审视与观察,更在于其完整航海行程与日志、沿途国家与地区的社会风貌,甚至动植物种类记录,对我们了解18世纪末期整个世界的经济人文状况,并在此背景之下重新思考中国的地位都大有裨益。 |
| ● |
| 相关链接 |
|
|
|
|
正题名:英使谒见乾隆纪实
索取号:D829.561/157
 
预约/预借
| 序号 | 登录号 | 条形码 | 馆藏地/架位号 | 状态 | 备注 |
| 1 | 0963918 | 209639186 | 第一样本阅览室/ [索取号:D829.561/157] | 在馆 | |
| 2 | 0963919 | 209639195 | 第一借阅区/ [索取号:D829.561/157] | 在馆 | |
| 3 | 0963920 | 209639202 | 第一借阅区/ [索取号:D829.561/157] | 在馆 | |
| 4 | 0963921 | 209639211 | 第一借阅区/ [索取号:D829.561/157] | 在馆 |